000 00421nam a2200181Ia 4500
001 2394
005 20260306144803.0
008 260306t1972||||xx |||||||||||||| ||spa||
041 _aESP
082 _a616.89
_bF83
100 _aFreeman, Thomas
_eAUT
245 0 _aPsicopatologĂ­a de las psicosis
260 _c1972
300 _a257 páginas :
_c21cm.
650 _aGEN
654 _aCPS
942 _cLIB
_dJUS
_fJUS
_2ddc
_n
999 _c2394
_d2394